Ako úspešne riadiť malú stavebnú firmu

Guardado en:
Detalles Bibliográficos
Autor principal: Kozlovská, Mária (Autor)
Formato: Libro
Lenguaje:eslovaco
Publicado: Bratislava : Eurostav, 2003
Etiquetas: Agregar Etiqueta
Sin Etiquetas, Sea el primero en etiquetar este registro!

MARC

LEADER 00000nam a22000003a 4500
001 stu82054
005 20200911121704.7
008 031007s2003----xo------------------slo-d
020 |a 80-968183-9-2 
040 |a STU  |b slo 
041 0 |a slo 
044 |a xo 
080 |a 33  |7 stu_us_auth*stu7876 
080 |a 69 
100 1 |a Kozlovská, Mária  |4 aut 
245 1 |a Ako úspešne riadiť malú stavebnú firmu 
260 |a Bratislava :  |b Eurostav,  |c 2003 
300 |a 156 s.;tab 
996 |b 284V012125  |c V*48178/O-21219  |l VVT  |s A  |a 24  |w stu82054_0001 
996 |b 284V012124  |c V*48179/O-21219a  |l VVT  |s A  |a 24  |w stu82054_0002